00353pab a2200121 454500008004000000100001700040245006500057260000900122300001200131650002600143700001500169773004700184180718b1990 xxu||||| |||| 00| 0 eng d aSaxena, S.K. aConsumer cooperatives in a changing worldbA research review c1990 a489-517 aCooperative Societies aJ.G. Craig aAnnals of Public and Cooperative Economics